| 000 | 00528nam a22001937a 4500 | ||
|---|---|---|---|
| 003 | OSt | ||
| 005 | 20140310182201.0 | ||
| 008 | 130902t xxu||||| |||| 00| 0 eng d | ||
| 020 | _a9781848981430 | ||
| 050 |
_aGV 840.S8 _b.M478 2010 |
||
| 082 |
_aHS 797.3 _bM66 2010 |
||
| 100 |
_aMondy, Ben _916262 |
||
| 245 |
_aSurfing / _cBen Mondy. |
||
| 260 |
_aGreat Britain : _bTicktock, _cc2010. |
||
| 300 |
_a64 p : _bill. ; _c25 cm. |
||
| 651 |
_aSurfing _x--Juvenile literature _916263 |
||
| 942 |
_2lcc _cHS |
||
| 999 |
_c10222 _d10222 |
||